00435 a2200145 4500020001100000035001200011037004700023082000800070100002100078245009300099250001200192260003600204300003000240700001900270 c435.00 aB-64340 bRP-ZLS-1608 / NCP-02-03:151 / RP-02-03:ENG14a5401 aAggarwal, Deepak1 aObjective chemistry for all competitive examinationscby Deepak Aggarwal, O.P. Agarwawl, a74th ed aMeerutbJai Prakasah Nathc2002 axvi, 1720 pc24.5cm (pbk)1 aAggarwal, O.P.